La quintefenille: cinq e tudes sur Balzal, Nerval, Flaubert, Melraux, Robbe-Grillet

Guardat en:
Dades bibliogràfiques
Autor principal: SEYLAZ, Jean-Luc
Format: Llibre
Idioma:anglès
Publicat: L’aire Cooperative Rencontre 1974
Etiquetes: Afegir etiqueta
Sense etiquetes, Sigues el primer a etiquetar aquest registre!

MARC

LEADER 00000nam a22000007a 4500
008 201222b ||||| |||| 00| 0 eng d
100 |a SEYLAZ, Jean-Luc 
245 |a La quintefenille: cinq e tudes sur Balzal, Nerval, Flaubert, Melraux, Robbe-Grillet  |c Jean-Luc Seylaz 
260 |b L’aire Cooperative Rencontre  |c 1974  |i 143252  |l PQ652 .Se4  |m French fiction – 19th century – History and criticism – Addreses, essays, lectures. 
942 |a lcc  |c BK  |e ADEYEYE Y. S.  |f 22/12/2020 
952 |0 0  |1 0  |2 lcc  |4 0  |6 PQ0652 S E4  |7 0  |9 1116  |a HOL  |b HOL  |c LP  |d 2020-12-22  |l 0  |o PQ652 .Se4   |p 2020-230325  |r 2020-12-22 00:00:00  |w 2020-12-22  |y BK 
999 |c 578  |d 578